| 000 | 00523nam a22001817a 4500 | ||
|---|---|---|---|
| 003 | BD-DhUL | ||
| 005 | 20180625154511.0 | ||
| 008 | 180625s1946 ii ||||| |||| 000 0 urd d | ||
| 040 |
_aBD-DhUL _cBD-DhUL |
||
| 082 |
_a891.431 _bDAI |
||
| 100 | 0 | _aمرزا خان داغ۔ | |
| 245 | 0 |
_aانتخاب داغ / _cمرزا خان داغ۔ |
|
| 246 | _aIntekhāb-e Dāgh. | ||
| 260 |
_aدہلی : _bانجمن ترقی، _c۱۹۴۶۔ |
||
| 300 |
_aص۔ ۱۷۶ ؛ _c۲۲ سم۔ |
||
| 650 | o | _aUrdu poetry. | |
| 942 |
_2ddc _cBK |
||
| 999 |
_c242188 _d242188 |
||